000
00316nam a2200133Ia 4500
005
20260328104256.0
008
260328s9999||||xx |||||||||||||| ||und||
100
_a
Fletcher, Alan
245
4
_a
The Art of looking sideways /
_c
Alan Fletcher
260
_b
Phaidon
300
_a
532 p.
650
_a
ARTE
942
_c
BK
999
_c
10427
_d
10427